000 00817nam a22001817a 4500
999 _c62375
_d62375
003 Ge_BSU
005 20241017171514.0
008 241017s1973 ge ||||| |||| 00| 0 geo d
041 _ageo
080 _a617.55-001 ე-94
245 _aმუცლის ტრავმა :
_b [სტატიების კრებული] /
_cრედ. მ. კომახიძე ; საქ. სსრ ქირურგთა სამეცნ. საზ-ბა.
264 _aთბილისი :
_bმეცნიერება,
_c1973.
300 _a259 გვ.,
_b1 ფ. პორტრ. ;
_c21 სმ.
653 _aმუცლის ტრავმა
653 _aმედიცინა
700 _aკომახიძე, მ.
_eრედაქტორი
_922270
942 _2udc
_cᲬᲘᲒᲜᲘ